000
00337nam a2200145Ia 4500
008
150201s2009 xx 000 0 und d
082
_a
617.643
_b
O2009P
100
_a
PAIK
245
_a
ORTHODONTICS MINISCREW IMPLANTS
250
_a
1ST
260
_b
MOSBY
_a
DELHI
_c
2009
300
_a
1-258
650
_a
ORTHODONTICS
942
_2
ddc
_c
BK
999
_c
4229
_d
4229